Datum a čas kvízu
30
Celkem bodů
Celkový počet nahraných bodů na tomto kvízu bez doplňovacích otázek.
5.
Pořadí na kvízu
Konečné umístění týmu na tomto kvízu.
Zaznamenané odpovědi
| # | Otázka | Odpověď | Body | Výsledky |
|---|---|---|---|---|
| 1. | Zvolený prezident Petr Pavel z... | 58,32 % | 1 | |
| 2. | Novým premiérem jedné země se... | Nový Zéland | 1 | |
| 3. | Americká Akademie filmového um... | B) Všechno, všude, najednou | 0 | |
| 4. | Minulý týden se k planetě Zemi... | Neandertálská kometa | 1 | |
| 5. | Barbora Krejčíková a Kateřina... | 7. titul (6. a 8. za půl bodu) | 0.5 | |
| 6. | Toto jsou tři podoby jednoho z... | Carlos, Šakal | 0.5 | |
| 7. | Koncem 70. let vznikla ve Velk... | Sex Pistols | 0 | |
| 8. | Pod kterou přezdívkou je znám... | Skrillex | 1 | |
| 9. | Přezdívky mají i státy USA. Do... | 1C 2B 3A 4D | 1 | |
| 10. | I mnozí sportovci si dávají př... | Kaká | 0 |